000 00626nam a2200265Ia 4500
005 20260121114435.0
008 008 260114s9999 xx 000 0 eng d
020 _a9789354243714
037 _aEBOOK
040 _aCRL
040 _beng
040 _cCRL
041 _2eng
041 _aeng
084 _qCRL
100 _aBrinkmann
_9975089
245 0 _aIntroduction to Sustainability
260 _bWiley
260 _c2020
650 _aStrategic Management
_9975090
856 _uhttps://ebooks.wileyindia.com/product-details/283384
942 _cEBOOK
999 _c1554159
_d1554159